000 01074nam a2200277 4500
003 OSt
005 20260530115309.0
008 260506b1997 mx ||||| |||| 00| 0 spa d
020 _a 9701804422
040 _aICI
_bspa
_cICI
041 _aSPA
050 _aTR647.L66
_bC37 1997
100 1 _aCarrillo Trueba, César,
_e autor
_932497
245 1 0 _a Los rumbos del tiempo /
_ctexto Cesar Carrillo Trueba ; introd. y notas biograficas Citlalli Lopez Binnquist ; ed. Jorge Lepez Vela
264 1 _aMéxico :
_bInstituto Nacional Indigenista,
_c1997
300 _a143 páginas
_b ilustraciones
336 _atexto
_2rdacontent
337 _asin medio
_2rdamedia
338 _avolumen
_2rdacarrier
500 _aEn coedicion con: Gobierno del Estado de Hidalgo : Instituto Nacional de Antropologia e Historia
600 _aLópez, Nacho,1923-1986
_xCrítica e interpretación
_932498
650 4 _aFotografía artística
_zMexico
_922795
700 _aLépez Vela, Jorge,
_eeditor
_924222
710 _a Instituto Nacional Indigenista (México)
_923210
942 _2lcc
_cBK
_n1
999 _c13243
_d13243